Girls names without I (1990s) Quiz Stats

 Plays Quiz not verified by Sporcle

Challenge
Share
Tweet
Embed
Score 0/300 Timer 20:00
0 Plays Today
Begins with % Correct
LLauren
95.1%
SSarah
94.5%
LLaura
94.3%
HHannah
92.5%
AAnna
92.2%
AAnne
92.2%
AAmanda
91.4%
EEmma
91.4%
MMary
91.2%
SSamantha
90.9%
AAshley
89.9%
RRachel
89.6%
RRose
88.8%
AAmy
88.1%
JJane
87.8%
MMolly
87.3%
KKate
87.3%
EElla
87%
KKelly
86.5%
RRebecca
86.2%
GGrace
86%
LLucy
85.2%
AAngela
84.9%
HHolly
84.9%
AAndrea
84.4%
AAngel
84.4%
RRosa
84.4%
AAmber
84.2%
CCarol
83.9%
HHelen
83.6%
CClara
83.1%
KKayla
82.9%
EEvelyn
82.6%
CChloe
82.3%
C/KKara
82.3%
C/KKarla
82.3%
AAlex
82.1%
KKathryn
81.8%
LLeah
81.6%
JJoanna
81.6%
DDonna
81.6%
NNora
81.3%
AAva
81.3%
DDana
80.8%
CCarolyn
80.8%
MMargaret
80.5%
SSusan
80.5%
MMorgan
80.3%
SSandra
80.3%
HHaley
80%
AAlexa
80%
MMegan
79.7%
SStacy
79.7%
CCora
79.7%
TTaylor
79.5%
EEva
79.5%
VVanessa
79.2%
JJenna
79.2%
CCharlotte
79.2%
JJanet
79%
AAlexandra
78.7%
EEllen
78.7%
AAudrey
78.2%
RRuby
78.2%
TTeresa
77.9%
BBeth
77.9%
TTara
77.7%
C/KCassandra
77.4%
BBrenda
77.1%
JJordan
76.9%
JJade
76.6%
JJenny
76.6%
AAlyssa
76.4%
BBrooke
76.4%
ZZoe
76.4%
SSharon
75.8%
TTracy
75.8%
RRuth
75.6%
SShannon
75.3%
AAbby
75.3%
HHope
74.8%
AAubrey
74.8%
KKaren
74.5%
TTanya
73.5%
HHeather
73%
C/KCrystal
73%
JJudy
72.7%
C/KCourtney
72.2%
C/KCasey
72.2%
SSally
72.2%
SSavannah
71.9%
MMartha
71.7%
AAutumn
71.4%
MMaya
71.4%
NNancy
70.9%
BBethany
70.6%
MMelody
70.6%
KKathleen
70.1%
KKelsey
69.9%
KKatelyn
69.1%
Begins with % Correct
TTamara
69.1%
BBrooklyn
68.8%
WWendy
68.3%
JJoy
68.1%
C/KCarly
67.5%
EElena
67.5%
NNatasha
66.5%
KKaylee
66.2%
PPaula
66.2%
CChelsea
65.5%
MMadelyn
65.5%
LLacey
64.9%
LLynn
64.9%
KKyla
64.7%
AAlana
64.4%
DDeborah
64.4%
MMara
64.2%
SShelby
63.9%
KKendra
63.9%
JJada
63.9%
JJoyce
63.9%
EEsther
63.6%
SSummer
63.4%
DDeanna
62.9%
CColleen
62.9%
MMacy
62.6%
SSydney
62.1%
JJocelyn
62.1%
CCheryl
62.1%
BBarbara
61.8%
CCarmen
61.6%
AAvery
61.6%
FFrances
61.6%
SSandy
61.3%
PPamela
61%
EEleanor
60.8%
DDorothy
60.8%
LLena
60.5%
CClare
60.5%
SSkylar
60.3%
KKennedy
59.5%
TTammy
59.2%
SSerena
59%
DDawn
58.7%
SShelly
58.7%
HHelena
58.2%
SSelena
57.9%
KKendall
57.4%
SSasha
57.4%
JJesse
57.4%
CCameron
56.6%
JJaclyn
56.4%
JJoanne
56.1%
AAshlyn
55.8%
AAllyson
55.3%
RRenee
55.3%
MMandy
55.3%
TTessa
55.1%
SSonya
54.8%
EElsa
54.8%
BBreanna
54.5%
TTess
54.3%
JJana
54%
KKathy
53.8%
KKylee
53.5%
KKyra
53.5%
PPeyton
53.5%
BBetty
53.5%
GGwendolyn
53%
RRosemary
52.5%
MMallory
51.9%
MMakayla
51.2%
BBrandy
51.2%
JJeanette
51.2%
PPhoebe
51.2%
LLeanna
50.9%
SShayna
50.6%
EEden
50.4%
CCheyenne
49.9%
SSuzanne
49.6%
RRobyn
48.8%
SShawna
48.6%
KKerry
48.6%
MMarlene
48.3%
AAlma
47.5%
SSkye
47%
KKaty
47%
RRylee
46.8%
YYvette
46.5%
YYvonne
46%
MMaureen
46%
LLeanne
45.5%
MMayra
45.2%
RRoxanne
45.2%
AAnnette
45.2%
BBeverly
45.2%
CCandace
44.9%
BBreanne
44.7%
AAurora
43.9%
FFrancesca
43.6%
Begins with % Correct
LLesley
43.6%
TTasha
43.4%
MMckenna
43.1%
RRaquel
41.8%
RRaven
41.6%
JJanelle
41.6%
LLyndsey
41.3%
CCharlene
41.3%
GGretchen
41.3%
DDaphne
41%
LLaurel
40.5%
LLogan
40%
DDarlene
39.7%
NNoelle
39.5%
RReagan
39.5%
NNorma
38.7%
HHarley
37.4%
RRyan
36.9%
MMaura
36.4%
EElyse
36.1%
JJayla
36.1%
CConstance
36.1%
AAthena
35.6%
AArlene
35.3%
DDakota
34.3%
AAudra
34.3%
SSage
34.3%
YYolanda
34%
AAlejandra
33.8%
HHalle
33.2%
BBrenna
33%
CCeleste
32.7%
KKrysta
32.7%
RRochelle
32.5%
DDevon
32.2%
SShayla
31.9%
HHeaven
31.7%
NNataly
31.7%
EEbony
31.4%
DDelaney
30.4%
TTaryn
30.4%
AAlessandra
30.1%
RRachelle
29.6%
TTyra
29.6%
BBaylee
29.1%
AAshton
28.6%
SStephany
28.1%
JJuana
27.5%
LLorena
27%
EEsmeralda
26.8%
HHunter
26.5%
TTyler
24.9%
JJayme
24.7%
MMercedes
24.2%
LLatoya
23.9%
BBlanca
23.4%
MMarlena
23.1%
CChanel
22.6%
JJanessa
21.8%
GGladys
21.8%
RRoxana
21%
AAsha
20%
LLatasha
19.5%
PPaola
17.9%
C/SChantel
17.7%
SSusana
17.7%
GGuadalupe
17.4%
LLuz
17.4%
AAspen
17.4%
AAlondra
17.1%
MMarcella
16.9%
KKenya
16.4%
TTatum
16.4%
KKaylyn
16.1%
DDallas
15.8%
RReyna
15.3%
PPerla
14.5%
SSade
14%
MMagdalena
14%
TTabatha
13.5%
CChandler
11.9%
CCarson
11.9%
AAlysha
11.2%
EEmerald
10.9%
JJanae
10.4%
MMaranda
10.4%
DDulce
9.9%
TTatyana
9.1%
KKeely
9.1%
AAlexandrea
8.6%
AAlexus
7.8%
DDarby
7.3%
EEssence
6.5%
AAyanna
5.7%
SShea
5.7%
MMontana
5.5%
DDeja
3.4%
BBaby
3.1%
LLexus
2.9%
LLucero
2.6%

You're not logged in!

Compare scores with friends on all Sporcle quizzes.
Join for Free
OR
Log In

You Might Also Like...

Show Comments

Extras

Top Quizzes Today


Score Distribution

Your Account Isn't Verified!

In order to create a playlist on Sporcle, you need to verify the email address you used during registration. Go to your Sporcle Settings to finish the process.

Report this User

Report this user for behavior that violates our Community Guidelines.

Details: